000 01583nam0a2200337 4500
001 RU\NLR\bibl\1437716
005 20260405193823.0
010 _a978-5-91134-397-2
_91000
021 _aRU
_b2009-85835
_95405
035 _a(NLR Aleph) 001429586
090 _a1394152
_c1394152
100 _a20091112d2010 |||y0rusy50 ca
101 0 _arus
102 _aRU
105 _ay |||||||||
200 1 _aПраво и правовая система Великобритании
_eучебное пособие
_e[студентам МИРБИС (специальности 080102 "Мировая экономика", 080105 "Финансы и кредит")]
210 _aМосква
_cФОРУМ
_d2010 [т. е. 2009]
215 _a287 с.
_d22
225 1 _aВысшее образование
300 _aНа 4-й с. обл. авт.: Романов А.К., к.ю.н., магистр права
300 _aКн. фактически изд. в 2009 г.
320 _aБиблиогр.: с. 249-252 и в подстроч. примеч.
320 _aПредм. указ.: с. 277-283
606 1 _aПраво
_jУчебные издания для высших учебных заведений
_yВеликобритания
_9890979
_3RU\NLR\auth\66322270
686 _aХ8(4Вл)я73
700 1 _4070
_8rus
_7ca
_aРоманов
_bА. К.
_cканд. юрид. наук
_gАлександр Константинович
_3RU\NLR\auth\7785568
_968496
801 0 _aRU
_bNLR
_c20091112
_gRCR
801 1 _aRU
_bNLR
_c20091112
942 _cBOOK
980 _aNB